000 00572nam a2200181 i 4500
001 52121
003 ES-MaACL
005 20230906162526.0
007 t|
008 030826s1980 fr ||||1| fre d
020 _a2-02-005998-3
100 1 _aChoukri, Mohamed.
_938630
245 1 3 _aLe pain nu
_b: récit autobiographique /
_cMohamed Choukri ; présenté et traduit de l'arabe par Tahar Ben Jelloun.
260 _a[Paris] :
_bFrançois Maspero,
_c1980.
300 _a157 p. ;
_c18 cm.
700 1 _aBen Jelloun, Tahar.
_927410
852 _aES-MaACL
_jL-12529
_bR.115565
999 _c52121
_d52121